000 01302cam a22003257a 4500
005 20260322212047.0
008 data
010 _a 2011936389
020 _a9780500650042 (trade)
020 _a0500650047 (trade)
020 _a0500650047
040 _aBTCTA
_beng
_cBTCTA
_dDLC
_dBKX
_dIFJ
_dJRS
_dDLC
042 _alccopycat
050 0 0 _aQL737.C23
_bB625 2012
082 0 4 _a599.75
_223
092 _a599.75 Blo 2012
100 1 _aBloom, Steve,
_d1953-
245 1 0 _aBig cats :
_bin search of lions, leopards, cheetahs, and tigers /
_cSteve Bloom.
260 _aNew York :
_bThames & Hudson,
_c2012.
300 _a48 p. :
_bill. (chiefly col.), map ;
_c27 cm.
500 _aIncludes index.
520 _aRecounts an expedition through Africa and Asia in which the wildlife photographer author sets out to photograph lions, leopards, cheetahs, and tigers, offering photographs and facts about the big cats as well as tips on photographing wildlife--
_cSource other than Library of Congress.
650 0 _aFelidae
_vJuvenile literature.
650 1 _aCat family (Mammals)
906 _a7
_bcbc
_ccopycat
_d2
_eepcn
_f20
_gy-gencatlg
925 0 _aacquire
_b1 shelf copies
_xpolicy default
001 data
999 _c1115
_d1115